000 00553nam a2200193Ia 4500
005 20250923145557.0
008 008 250917s9999 xx 000 0 eng d
037 _aTextual
040 _aDSWL
_beng
_cDSWL
041 _aeng
_2eng
084 _aYX;5-H.2'Noo, N81
_qDSWL
245 0 _aHealth for all: An alternative strated
_c by I.C.S.S.R.
260 _bIndian Instt. of Education
_c1981
300 _axv,262p.
365 _aINR
_b18.00
925 _g18.00
942 _cTEXL
_hYX;5-H.2'Noo, N81
999 _c1453051
_d1453051